[Event "35th ch-GRE w 2012"]
[Site "Athens GRE"]
[Date "2012.11.26"]
[Round "3"]
[White "Makka,I"]
[Black "Fakhiridou,E"]
[Result "1/2-1/2"]
[WhiteTitle "WIM"]
[BlackTitle "WIM"]
[WhiteElo "2119"]
[BlackElo "2178"]
[WhiteFideId "4205316"]
[BlackFideId "4202848"]
[EventDate "2012.11.24"]

1. e4 c5 2. Nf3 e6 3. d4 cxd4 4. Nxd4 Nf6 5. Nc3 Nc6 6. Ndb5 Bb4 7. a3 Bxc3+ 8.
Nxc3 d5 9. exd5 exd5 10. Bd3 O-O 11. O-O d4 12. Ne2 Qd5 13. Nf4 Qd6 14. Nh5 Ng4
15. Bf4 Qd5 16. Ng3 Nf6 17. Re1 Bg4 18. Qd2 Rfe8 19. h3 Be6 20. Ne4 Nxe4 21.
Bxe4 Qb5 22. b3 Rad8 23. Qd3 Qxd3 24. Bxd3 Bd5 25. Kf1 f6 26. Rxe8+ Rxe8 27. Rd1
Kf7 28. Bb5 Be4 29. Rd2 a6 30. Bc4+ Kg6 31. Re2 Re7 32. Bd6 Rd7 33. Rxe4 Rxd6
34. Rg4+ Kh6 35. Rh4+ Kg6 36. Bd3+ f5 37. g4 h6 38. Rh5 Ne7 39. Ke2 Kf6 40. gxf5
b5 41. Be4 Ke5 42. Kd3 Rf6 43. Rh4 Nxf5 44. f4+ Ke6 45. Bxf5+ Rxf5 46. Rg4 Kd5
47. Rxg7 Rxf4 48. Rd7+ Kc5 49. Rc7+ Kd5 50. Rd7+ Kc5 51. Rc7+ 1/2-1/2

[Event "22nd TCh-SLO 2012"]
[Site "Slovenia SLO"]
[Date "2012.11.23"]
[Round "1"]
[White "Stevic,H"]
[Black "Zorko,Ju"]
[Result "1/2-1/2"]
[WhiteTitle "GM"]
[BlackTitle "IM"]
[WhiteElo "2622"]
[BlackElo "2476"]
[WhiteTeam "SD Vrhnika"]
[BlackTeam "SD KRKA Novo mesto"]
[WhiteFideId "14502569"]
[BlackFideId "14604051"]
[EventDate "2012.11.23"]

1. e4 c5 2. d3 Nc6 3. f4 g6 4. Nf3 Bg7 5. Be2 d6 6. O-O Nh6 7. c3 O-O 8. h3 f5
9. Be3 Nf7 10. Nbd2 e5 11. fxe5 Nfxe5 12. Nxe5 Nxe5 13. d4 cxd4 14. Bxd4 f4 15.
Qb3+ Kh8 16. Nf3 Qe7 17. Rfd1 Nc6 18. Bxg7+ Kxg7 19. Qd5 Rf6 20. Rd2 Ne5 21.
Rad1 Nf7 22. Qd4 Qc7 23. Qc4 Qb6+ 24. Qd4 Qc7 25. Qc4 Qb6+ 26. Qd4 Qc7 1/2-1/2

[Event "22nd TCh-SLO 2012"]
[Site "Slovenia SLO"]
[Date "2012.11.23"]
[Round "1"]
[White "Zupancic,J"]
[Black "Sebenik,M"]
[Result "0-1"]
[BlackTitle "GM"]
[WhiteElo "2162"]
[BlackElo "2543"]
[WhiteTeam "SD KRKA Novo mesto"]
[BlackTeam "SD Vrhnika"]
[WhiteFideId "14607280"]
[BlackFideId "14602296"]
[EventDate "2012.11.23"]

1. c4 Nf6 2. Nf3 e6 3. g3 d5 4. Bg2 dxc4 5. Qa4+ Nbd7 6. O-O a6 7. Qxc4 b5 8.
Qc2 Bb7 9. d3 c5 10. Nc3 Bd6 11. b3 O-O 12. Bb2 Rc8 13. Rac1 Re8 14. Rfd1 Qb6
15. Qb1 Bf8 16. Ne4 Nxe4 17. dxe4 Nf6 18. e5 Be4 19. Qa1 Nd5 20. Ng5 Bxg2 21.
Qb1 g6 22. Kxg2 Bh6 23. Ne4 Red8 24. e3 Qb7 25. Kh3 c4 26. bxc4 Rxc4 27. Rxc4
bxc4 28. Bd4 Qc6 29. Rc1 Bf8 30. Qc2 Rc8 31. Qe2 Ba3 32. Rc2 Be7 33. Rc1 h5 34.
Qf3 Nb4 35. a3 Nd3 36. Rc3 Qxe4 0-1

[Event "22nd TCh-SLO 2012"]
[Site "Slovenia SLO"]
[Date "2012.11.23"]
[Round "1"]
[White "Mejak,Severin"]
[Black "Praznik,N"]
[Result "0-1"]
[BlackTitle "FM"]
[WhiteElo "2071"]
[BlackElo "2294"]
[WhiteTeam "SD KRKA Novo mesto"]
[BlackTeam "SD Vrhnika"]
[WhiteFideId "14609886"]
[BlackFideId "14601621"]
[EventDate "2012.11.23"]

1. d4 g6 2. Nf3 Bg7 3. g3 d6 4. Bg2 Nc6 5. O-O e5 6. dxe5 dxe5 7. c3 Qxd1 8.
Rxd1 Nf6 9. b3 Bd7 10. Bb2 O-O-O 11. Na3 h6 12. Nc4 Rhe8 13. h3 Ng8 14. e4 Be6
15. Ne3 Nf6 16. Nd2 Rd7 17. b4 Red8 18. Nb3 Rxd1+ 19. Rxd1 Rxd1+ 20. Nxd1 Nd7
21. Ne3 Nb6 22. Bf1 h5 23. b5 Nb8 24. c4 Na4 25. Ba1 a6 26. Nc1 Nc5 27. f3 Nbd7
28. bxa6 Nxa6 29. Nd3 Nac5 30. Nxc5 Nxc5 31. Nd5 c6 32. Nb4 Kc7 33. Kf2 Nd7 34.
Bc3 Nb6 35. f4 Bxc4 36. Bxe5+ Bxe5 37. fxe5 Bxf1 38. Kxf1 Nc4 39. e6 fxe6 40.
Ke2 Ne5 41. Nc2 c5 42. Ne3 b5 43. Ng2 Kd6 44. Nf4 Ke7 45. Kd2 Kf6 46. Ke3 Nc6
47. Ne2 Nb4 48. Nc3 Nc2+ 49. Kd3 Na3 50. Ne2 Ke5 51. Nf4 g5 52. Nxh5 b4 53. Ng7
c4+ 54. Kd2 Nb1+ 55. Kc2 Na3+ 56. Kc1 Nb5 57. h4 Kf6 58. Nh5+ Kg6 59. g4 gxh4
60. Nf4+ Kg5 0-1

[Event "22nd TCh-SLO 2012"]
[Site "Slovenia SLO"]
[Date "2012.11.23"]
[Round "1"]
[White "Palac,M"]
[Black "Horvath,Ad1"]
[Result "1/2-1/2"]
[WhiteTitle "GM"]
[BlackTitle "GM"]
[WhiteElo "2599"]
[BlackElo "2495"]
[WhiteTeam "SK Branik Maribor"]
[BlackTeam "SD Rokada Lendava"]
[WhiteFideId "14500116"]
[BlackFideId "708003"]
[EventDate "2012.11.23"]

1. d4 Nf6 2. c4 e6 3. Nf3 d5 4. Nc3 dxc4 5. e4 Bb4 6. Bg5 h6 7. Bxf6 Qxf6 8.
Bxc4 c5 9. O-O O-O 10. e5 Qd8 11. Ne4 cxd4 12. Qe2 Bd7 13. Rad1 Nc6 14. Ng3 Qc7
15. Qe4 Ne7 16. Bd3 Ng6 17. Qxd4 Bc5 18. Rc1 Rac8 19. Rxc5 Qxc5 20. Qxd7 Rfd8
21. Qb5 Qxb5 22. Bxb5 Rc5 23. Ba4 Nxe5 24. Nxe5 Rxe5 25. f4 Red5 26. f5 exf5 27.
Nxf5 Re5 28. Bb3 Rd2 29. Nh4 Rd7 30. Nf3 Rc5 31. Kf2 g5 32. Re1 Kg7 33. h3 h5
34. g4 hxg4 35. hxg4 b5 36. Re2 a5 37. Bc2 Kf6 38. Bf5 Rd1 39. Nd2 Rxf5+ 40.
gxf5 Kxf5 41. Nf1 Kf4 42. Ne3 Rd6 43. Rc2 f5 44. a4 bxa4 45. Rc4+ Ke5 46. Rxa4
Rd2+ 47. Ke1 Rh2 48. Kf1 Ke6 49. Nc4 1/2-1/2

[Event "22nd TCh-SLO 2012"]
[Site "Slovenia SLO"]
[Date "2012.11.23"]
[Round "1"]
[White "Horvath,Ta1"]
[Black "Tratar,M"]
[Result "1/2-1/2"]
[WhiteTitle "IM"]
[BlackTitle "GM"]
[WhiteElo "2390"]
[BlackElo "2516"]
[WhiteTeam "SD Rokada Lendava"]
[BlackTeam "SK Branik Maribor"]
[WhiteFideId "700185"]
[BlackFideId "14600684"]
[EventDate "2012.11.23"]

1. e4 e6 2. d4 d5 3. Nd2 c5 4. exd5 Qxd5 5. dxc5 Qxc5 6. Ngf3 Nf6 7. Nc4 Nbd7 8.
Be2 Be7 9. O-O O-O 10. Qd4 b6 11. c3 Bb7 12. Bf4 Nd5 13. Bg3 Rfd8 14. Rfe1 N7f6
15. Qh4 Ne8 16. Qd4 Nef6 17. Qh4 Ne8 18. Qd4 Nef6 1/2-1/2

[Event "22nd TCh-SLO 2012"]
[Site "Slovenia SLO"]
[Date "2012.11.23"]
[Round "1"]
[White "Mikac,M"]
[Black "Sifrer,D"]
[Result "1/2-1/2"]
[WhiteTitle "IM"]
[BlackTitle "IM"]
[WhiteElo "2394"]
[BlackElo "2393"]
[WhiteTeam "SK Branik Maribor"]
[BlackTeam "SD Rokada Lendava"]
[WhiteFideId "14600048"]
[BlackFideId "14600110"]
[EventDate "2012.11.23"]

1. e4 e6 2. d4 d5 3. Nd2 dxe4 4. Nxe4 Bd7 5. Nf3 Bc6 6. Bd3 Nd7 7. O-O Ngf6 8.
Ned2 Be7 9. Nc4 Be4 10. Bxe4 Nxe4 11. d5 Ndc5 12. dxe6 Nxe6 13. Qe2 N4c5 14. Rd1
Qc8 15. Bg5 Bxg5 16. Nxg5 O-O 17. Qh5 Nxg5 18. Qxg5 b6 19. Ne3 h6 20. Qh5 Re8
21. a4 Qe6 22. a5 Ne4 23. Qf5 Qxf5 24. Nxf5 Nc5 25. f3 Kf8 26. Kf2 Ne6 27. Nd4
Nxd4 28. Rxd4 Rad8 29. Rxd8 Rxd8 30. axb6 axb6 1/2-1/2

[Event "22nd TCh-SLO 2012"]
[Site "Slovenia SLO"]
[Date "2012.11.23"]
[Round "1"]
[White "Lenic,L"]
[Black "Brumen,D"]
[Result "1-0"]
[WhiteTitle "GM"]
[BlackTitle "IM"]
[WhiteElo "2637"]
[BlackElo "2357"]
[WhiteTeam "ZSK Maribor"]
[BlackTeam "SK Triglav Krsko"]
[WhiteFideId "14603853"]
[BlackFideId "14501490"]
[EventDate "2012.11.23"]

1. d4 Nf6 2. c4 c5 3. e3 g6 4. Nc3 Bg7 5. Nf3 O-O 6. d5 d6 7. Be2 a6 8. a4 e6 9.
O-O exd5 10. cxd5 Nbd7 11. Re1 Rb8 12. e4 Re8 13. Nd2 Qc7 14. f3 Ne5 15. Nf1 c4
16. Be3 b5 17. axb5 axb5 18. Ra7 Qd8 19. b4 Nfd7 20. Qd2 Qf6 21. Rc1 Nd3 22.
Bxd3 cxd3 23. Nd1 Ne5 24. Rcc7 Nc4 25. Qxd3 Nxe3 26. Ndxe3 Qd4 27. Qa3 Rf8 28.
Kf2 h5 29. Ke2 h4 30. h3 Bh6 31. Qc3 Qb6 32. Qc6 Qd4 33. Qxd6 Rb6 34. Qc5 Qb2+
35. Qc2 Qxc2+ 36. Rxc2 Bf4 37. Nd2 Bd6 38. Rc6 Rxc6 39. dxc6 Bxb4 40. Nd5 Bd6
41. Nb3 Be6 42. Nd4 Rc8 43. Ne7+ Bxe7 44. Rxe7 Bc4+ 45. Ke3 Kf8 46. Rb7 Ke8 47.
Kf4 Bf1 48. Kg4 Bxg2 49. Rxb5 Ke7 50. Re5+ Kf6 51. Rd5 Bf1 52. e5+ Ke7 53. Rd7+
Ke8 54. Rd6 Ke7 55. Nc2 Ra8 56. Ne3 Ra4+ 57. f4 Bxh3+ 58. Kxh4 Rxf4+ 59. Kg3 Ra4 1-0

[Event "22nd TCh-SLO 2012"]
[Site "Slovenia SLO"]
[Date "2012.11.23"]
[Round "1"]
[White "Stajner,S"]
[Black "Kozul,Z"]
[Result "1-0"]
[WhiteTitle "FM"]
[BlackTitle "GM"]
[WhiteElo "2261"]
[BlackElo "2638"]
[WhiteTeam "SK Triglav Krsko"]
[BlackTeam "ZSK Maribor"]
[WhiteFideId "14604078"]
[BlackFideId "14502879"]
[EventDate "2012.11.23"]

1. d4 Nf6 2. c4 d6 3. Nc3 Nbd7 4. e4 e5 5. Nf3 g6 6. Be2 Bg7 7. dxe5 dxe5 8. O-O
O-O 9. b3 Re8 10. Qc2 c6 11. Rd1 Qc7 12. Ba3 Bf8 13. Bb2 a5 14. Nd2 Nc5 15. Rac1
h5 16. Bf3 Ne6 17. Ne2 Bh6 18. Rb1 c5 19. Nc3 Nd4 20. Qd3 b6 21. a4 Ba6 22. Nd5
Nxd5 23. exd5 Rad8 24. Ne4 Bg7 25. Ng5 Bc8 26. Re1 Qe7 27. h4 f6 28. Bxd4 cxd4
29. Ne6 Bxe6 30. dxe6 f5 31. Bc6 e4 32. Qg3 Kh7 33. b4 axb4 34. Qg5 Qc5 35. Bxe8
Rxe8 36. g4 hxg4 37. h5 Rxe6 38. Kg2 Bh6 39. hxg6+ Rxg6 40. Qd8 d3 41. Rh1 Qd6
42. Qe8 g3 43. Rxh6+ Rxh6 44. fxg3 Kg7 1-0

[Event "22nd TCh-SLO 2012"]
[Site "Slovenia SLO"]
[Date "2012.11.23"]
[Round "1"]
[White "Skoberne,J"]
[Black "Novak,G"]
[Result "1-0"]
[WhiteTitle "GM"]
[WhiteElo "2549"]
[BlackElo "2248"]
[WhiteTeam "ZSK Maribor"]
[BlackTeam "SK Triglav Krsko"]
[WhiteFideId "14604299"]
[BlackFideId "14602580"]
[EventDate "2012.11.23"]

1. c4 Nf6 2. g3 g6 3. Bg2 d5 4. cxd5 Nxd5 5. Nc3 Nxc3 6. bxc3 Bg7 7. Rb1 O-O 8.
Rxb7 Bxb7 9. Bxb7 Nd7 10. Bxa8 Qxa8 11. Nf3 e5 12. O-O e4 13. Nd4 c5 14. Nb3 Qd5
15. Ba3 Re8 16. d4 cxd4 17. cxd4 e3 18. f3 a5 19. Qc2 a4 20. Nc5 Bxd4 21. Nxd7
Qxd7 22. Rd1 Qa7 23. Qc6 Rb8 24. Bd6 Rd8 25. Bc5 Qxc5 26. Qxc5 Bxc5 27. Rxd8+
Kg7 28. Kg2 1-0

[Event "22nd TCh-SLO 2012"]
[Site "Slovenia SLO"]
[Date "2012.11.23"]
[Round "1"]
[White "Kovacevic,A"]
[Black "Borisek,J"]
[Result "1/2-1/2"]
[WhiteTitle "GM"]
[BlackTitle "GM"]
[WhiteElo "2560"]
[BlackElo "2560"]
[WhiteTeam "SD dr. Milan Vidmar LJ"]
[BlackTeam "SD Tehcenter Ptuj"]
[WhiteFideId "903124"]
[BlackFideId "14603152"]
[EventDate "2012.11.23"]

1. e4 e5 2. Nf3 Nc6 3. Bb5 a6 4. Ba4 Nf6 5. O-O Be7 6. d3 d6 7. c4 O-O 8. h3 Rb8
9. Nc3 Nd4 10. Be3 c5 11. Bg5 Be6 12. Nxd4 cxd4 13. Ne2 Nd7 14. Bxe7 Qxe7 15.
Bxd7 Bxd7 16. Qd2 f5 17. exf5 Bxf5 18. Rae1 Qc7 19. f4 Bg6 20. b3 b5 21. fxe5
Rxf1+ 22. Rxf1 dxe5 23. Ng3 bxc4 24. bxc4 h6 25. Qe2 Re8 26. Ne4 Qc6 27. Re1 Rb8
28. Nf2 Re8 29. Qg4 Kh7 30. Ne4 Qa4 31. Qe2 Qb4 32. Rd1 Qa3 33. Rb1 Rf8 34. Nf2
Re8 35. Ne4 Rf8 36. Nf2 Re8 37. Ne4 Rf8 1/2-1/2

[Event "22nd TCh-SLO 2012"]
[Site "Slovenia SLO"]
[Date "2012.11.23"]
[Round "1"]
[White "Polajzer,D"]
[Black "Soln,P"]
[Result "1/2-1/2"]
[WhiteTitle "IM"]
[BlackTitle "IM"]
[WhiteElo "2295"]
[BlackElo "2382"]
[WhiteTeam "SD Tehcenter Ptuj"]
[BlackTeam "SD dr. Milan Vidmar LJ"]
[WhiteFideId "14600218"]
[BlackFideId "14601060"]
[EventDate "2012.11.23"]

1. d4 d5 2. Nf3 c6 3. c4 e6 4. e3 Nf6 5. Nbd2 Nbd7 6. b3 Be7 7. Bb2 O-O 8. Bd3
b6 9. O-O Bb7 10. e4 dxe4 11. Nxe4 Nxe4 12. Bxe4 Nf6 13. Bd3 c5 14. dxc5 Bxc5
15. Qe2 h6 16. Rad1 Qe7 17. Ne5 Rfd8 18. Bc2 Rxd1 19. Rxd1 Rd8 20. h3 Rxd1+ 21.
Qxd1 Qd6 22. Qxd6 Bxd6 23. Kf1 Kf8 24. f3 Ke7 25. Ke2 Ne8 26. Nd3 f6 27. Nf2 Nc7
28. Be4 Bc8 29. Bc2 Bb7 30. Be4 Bc8 31. Bc2 Bb7 1/2-1/2

[Event "22nd TCh-SLO 2012"]
[Site "Slovenia SLO"]
[Date "2012.11.23"]
[Round "1"]
[White "Ruck,R1"]
[Black "Markus,Rob"]
[Result "1/2-1/2"]
[WhiteTitle "GM"]
[BlackTitle "GM"]
[WhiteElo "2568"]
[BlackElo "2619"]
[WhiteTeam "SD Radenska Pomgrad"]
[BlackTeam "SK Nova Gorica"]
[WhiteFideId "705713"]
[BlackFideId "921637"]
[EventDate "2012.11.23"]

1. c4 Nf6 2. Nc3 g6 3. g3 Bg7 4. Bg2 O-O 5. d4 d6 6. Nf3 Nbd7 7. O-O e5 8. h3 c6
9. e4 Qb6 10. Re1 exd4 11. Nxd4 Ne8 12. Nb3 a5 13. Be3 Qb4 14. Nd4 a4 15. a3 Qa5
16. Qe2 Nef6 17. Rad1 Re8 18. f4 Nc5 19. Qc2 Nfd7 20. Bf2 Bf8 21. Kh2 Qc7 22.
Na2 Nf6 23. Nc3 Nfd7 24. Na2 Nf6 25. Nc3 Nfd7 26. Na2 1/2-1/2

[Event "22nd TCh-SLO 2012"]
[Site "Slovenia SLO"]
[Date "2012.11.24"]
[Round "2"]
[White "Srebrnic,M"]
[Black "Zupancic,J"]
[Result "1-0"]
[WhiteTitle "FM"]
[WhiteElo "2378"]
[BlackElo "2162"]
[WhiteTeam "SK Nova Gorica"]
[BlackTeam "SD KRKA Novo mesto"]
[WhiteFideId "14603616"]
[BlackFideId "14607280"]
[EventDate "2012.11.23"]

1. Nf3 Nf6 2. g3 g6 3. Bg2 Bg7 4. c4 c5 5. O-O O-O 6. Nc3 Nc6 7. a3 d5 8. cxd5
Nxd5 9. Nxd5 Qxd5 10. d3 Qd6 11. Bf4 e5 12. Be3 Be6 13. Ng5 Bd5 14. Ne4 Bxe4 15.
Bxe4 Nd4 16. Rb1 Rab8 17. Bd2 b6 18. Bc3 Rbc8 19. e3 Ne6 20. Qc2 Kh8 21. f4 f5
22. Bg2 Rcd8 23. Rbd1 Rfe8 24. Rfe1 exf4 25. gxf4 Re7 26. Kh1 Rde8 27. Qd2 Kg8
28. Bf3 Rd8 29. Rg1 Nc7 30. Rge1 Ne6 31. Qc2 Kh8 32. Qc1 Kg8 33. h4 Red7 34. Qc2
Qe7 35. h5 Kf8 36. Re2 Bxc3 37. Qxc3 Qg7 38. Qc4 Qf6 39. Rh2 g5 40. fxg5 Nxg5
41. Bg2 Qe5 42. Rf1 Rxd3 43. Qg4 Nf7 44. Rxf5 Qxe3 45. h6 Qd4 46. Qh5 Rd7 47.
Rh4 Qd6 48. Rhf4 Qe6 49. Rf6 Qb3 50. Kh2 R3d6 51. Qg5 Rxf6 52. Qxf6 Rd4 53. Rf3
Rd3 54. Rf5 Rd4 55. Qg7+ Ke8 56. Qg8+ Ke7 57. Re5+ Kd6 58. Qb8+ Kd7 59. Qe8+ Kc7
60. Qc6+ 1-0

[Event "22nd TCh-SLO 2012"]
[Site "Slovenia SLO"]
[Date "2012.11.24"]
[Round "2"]
[White "Srebrnic,A"]
[Black "Mejak,Severin"]
[Result "1/2-1/2"]
[WhiteTitle "WGM"]
[WhiteElo "2204"]
[BlackElo "2071"]
[WhiteTeam "SK Nova Gorica"]
[BlackTeam "SD KRKA Novo mesto"]
[WhiteFideId "14603314"]
[BlackFideId "14609886"]
[EventDate "2012.11.23"]

1. c4 c5 2. Nf3 Nc6 3. d4 cxd4 4. Nxd4 g6 5. e4 Bg7 6. Be3 d6 7. Nc3 Nf6 8. Be2
O-O 9. O-O a6 10. Qd2 Rb8 11. f3 Bd7 12. Nb3 Re8 13. Rfd1 b6 14. Rac1 Ne5 15.
Nd4 Nc6 16. Nc2 Bc8 17. Nd5 Nd7 18. b4 Bb7 19. a3 Na7 20. Nc3 h5 21. Nd4 Nc8 22.
Nb3 Bc6 23. Nd4 Bb7 24. Nb3 Bc6 25. Nd4 Bb7 26. Nb3 Bc6 27. Nd4 Bb7 28. Nb3 Bc6
29. Nd4 Bb7 30. Nb3 Bc6 1/2-1/2

[Event "22nd TCh-SLO 2012"]
[Site "Slovenia SLO"]
[Date "2012.11.24"]
[Round "2"]
[White "Rifelj,L"]
[Black "Rusjan,M"]
[Result "1/2-1/2"]
[WhiteElo "1881"]
[BlackElo "2204"]
[WhiteTeam "SD KRKA Novo mesto"]
[BlackTeam "SK Nova Gorica"]
[WhiteFideId "14603462"]
[BlackFideId "14601567"]
[EventDate "2012.11.23"]

1. d4 Nf6 2. c4 e6 3. Nf3 c5 4. d5 exd5 5. cxd5 d6 6. Nc3 g6 7. e4 Bg7 8. Be2
O-O 9. O-O a6 10. a4 Bg4 11. Re1 Bxf3 12. Bxf3 Nbd7 13. Bf4 Qc7 14. Rc1 Ne5 15.
Be2 Nfd7 16. Be3 f5 17. exf5 gxf5 18. f4 Nf7 19. Bd3 Nh6 20. h3 Rae8 21. Bf2 Kh8
22. Re6 Nf6 23. Qf3 Rxe6 24. dxe6 Re8 25. Bc4 Qc6 26. Rd1 Qxf3 27. gxf3 Bf8 28.
Bh4 Nhg8 29. Re1 Be7 30. Bd3 Nh5 31. Bxe7 Nxe7 32. Ne2 Kg7 33. Kf2 Kf6 34. Bc2
b5 35. axb5 axb5 36. Nc3 Rb8 37. Ne2 Nd5 38. Rd1 Nb4 39. Bb1 Kxe6 40. Rg1 Kf6
41. Rg5 Ng7 42. Ng3 h6 43. Nh5+ Nxh5 44. Rxf5+ Kg7 45. Rxh5 Ra8 46. Rh4 Ra1 47.
Rg4+ Kf8 48. Rg1 d5 49. Re1 d4 50. Bf5 Rxe1 51. Kxe1 Nd5 52. Bd7 Nxf4 53. Bxb5
Nxh3 54. Bf1 Nf4 55. Kf2 Ke7 56. Kg3 Nd5 57. b3 Kf6 58. f4 Nc3 59. Bd3 Na2 60.
Kf2 Nb4 61. Be4 h5 62. Kf3 Na2 63. Bd3 Nc1 64. Bc4 Kf5 65. Bg8 h4 66. Bh7+ Kf6
67. Bc2 d3 68. Bd1 Kf5 69. Ke3 h3 70. Bf3 h2 71. Be4+ Kg4 72. f5 Nxb3 73. Kxd3
Kf4 74. Bh1 Kxf5 75. Kc4 Nc1 76. Kxc5 Kf4 77. Kd4 Ne2+ 78. Kd3 Ng1 79. Kd2 Kg3
80. Ke3 Nh3 81. Ke2 Nf2 82. Bb7 Ng4 83. Bh1 Ne5 84. Be4 Kf4 85. Bh1 Ng4 86. Kf1
Kg3 87. Ke2 1/2-1/2

[Event "22nd TCh-SLO 2012"]
[Site "Slovenia SLO"]
[Date "2012.11.24"]
[Round "2"]
[White "Skrinjar,M"]
[Black "Zupancic,U"]
[Result "1/2-1/2"]
[WhiteElo "2058"]
[BlackElo "1924"]
[WhiteTeam "SK Nova Gorica"]
[BlackTeam "SD KRKA Novo mesto"]
[WhiteFideId "14607263"]
[BlackFideId "14606631"]
[EventDate "2012.11.23"]

1. e4 e5 2. Nf3 Nc6 3. Bc4 Bc5 4. c3 Nf6 5. d3 d6 6. O-O h6 7. Re1 O-O 8. Bb3
Re8 9. Nbd2 a6 10. Nf1 d5 11. exd5 Nxd5 12. d4 Ba7 13. dxe5 Be6 14. Bc2 Bg4 15.
Bb3 Nde7 16. e6 f6 17. Bf4 Bb6 18. Qc2 Na5 19. Ba4 Nac6 20. b4 Nd5 21. Rad1 Bxe6
22. c4 Ncxb4 23. Qb2 Nxf4 24. Rxd8 Rexd8 25. Qxb4 Nd3 26. Qe7 Bxf2+ 27. Kh1 Bxc4
28. N1d2 Bc5 29. Qxc7 Nf2+ 30. Kg1 Nh3+ 31. Kh1 Nf2+ 32. Kg1 Nh3+ 1/2-1/2

[Event "22nd TCh-SLO 2012"]
[Site "Slovenia SLO"]
[Date "2012.11.24"]
[Round "2"]
[White "Soln,P"]
[Black "Gruskovnjak,T"]
[Result "1/2-1/2"]
[WhiteTitle "IM"]
[BlackTitle "FM"]
[WhiteElo "2382"]
[BlackElo "2388"]
[WhiteTeam "SD dr. Milan Vidmar LJ"]
[BlackTeam "SD Radenska Pomgrad"]
[WhiteFideId "14601060"]
[BlackFideId "14602326"]
[EventDate "2012.11.23"]

1. Nf3 c5 2. c3 d5 3. d4 cxd4 4. cxd4 Nc6 5. Nc3 Nf6 6. Bf4 e6 7. e3 Bd6 8. Bg3
O-O 9. Bd3 a6 10. Rc1 Re8 11. O-O Bxg3 12. hxg3 Qd6 13. Bb1 b5 14. Ne2 Bd7 15.
Nf4 Rec8 16. Nd3 Ne4 17. Nc5 f5 18. a3 a5 19. Ba2 b4 20. a4 Ne7 21. Nd3 Rxc1 22.
Nxc1 Rc8 23. Nd3 Be8 24. Nfe5 Ng6 25. Nxg6 Bxg6 26. Bb3 Be8 27. Qe2 Qa6 28. Rd1
Rc7 29. Qe1 Qc8 30. Rc1 Rxc1 31. Qxc1 Qxc1+ 32. Nxc1 Nd2 33. Bc2 1/2-1/2

[Event "22nd TCh-SLO 2012"]
[Site "Slovenia SLO"]
[Date "2012.11.24"]
[Round "2"]
[White "Gjuran,D"]
[Black "Barle,J"]
[Result "0-1"]
[WhiteTitle "FM"]
[BlackTitle "IM"]
[WhiteElo "2336"]
[BlackElo "2374"]
[WhiteTeam "SD Radenska Pomgrad"]
[BlackTeam "SD dr. Milan Vidmar LJ"]
[WhiteFideId "14603373"]
[BlackFideId "14600021"]
[EventDate "2012.11.23"]

1. e4 c5 2. Nf3 Nc6 3. c3 d5 4. exd5 Qxd5 5. d4 e6 6. Be3 cxd4 7. cxd4 Nf6 8.
Nc3 Qd8 9. a3 Be7 10. Bd3 O-O 11. O-O b6 12. Qe2 Bb7 13. Rad1 Rc8 14. Rfe1 Re8
15. Bg5 h6 16. Bc1 Na5 17. Bb5 Rf8 18. Qd3 Nd5 19. Ba4 Nxc3 20. bxc3 Bd5 21. Ne5
Bd6 22. Nd7 Re8 23. Ne5 Re7 24. Bc2 f5 25. Qg3 Qc7 26. Bxh6 Qxc3 27. Bd3 Bxe5
28. dxe5 Qxa3 29. h4 Rf7 30. Qg6 Nc6 31. Bxf5 exf5 32. e6 Bxe6 33. Rxe6 Ne7 34.
Qg5 Qb3 35. Rde1 Nc6 36. Qg6 Qc3 37. R1e3 Qc1+ 38. Kh2 Ne7 39. Qg5 Qc7+ 40. Kg1
Nd5 41. R3e5 Nf6 42. Qxf5 Nh7 43. Re8+ Rxe8 44. Rxe8+ Nf8 45. Qg4 Qc6 46. Rxf8+
Kxf8 47. Bg5 a5 0-1

[Event "22nd TCh-SLO 2012"]
[Site "Slovenia SLO"]
[Date "2012.11.24"]
[Round "2"]
[White "Kovac,B"]
[Black "Guid,M"]
[Result "1/2-1/2"]
[WhiteTitle "FM"]
[BlackTitle "FM"]
[WhiteElo "2256"]
[BlackElo "2271"]
[WhiteTeam "SD Radenska Pomgrad"]
[BlackTeam "SD dr. Milan Vidmar LJ"]
[WhiteFideId "14600935"]
[BlackFideId "14601966"]
[EventDate "2012.11.23"]

1. e4 c5 2. Nf3 d6 3. d4 cxd4 4. Nxd4 Nf6 5. Nc3 g6 6. Be3 Bg7 7. Qd2 Nc6 8. f3
O-O 9. O-O-O Bd7 10. Kb1 Rb8 11. h4 b5 12. h5 b4 13. Nce2 Na5 14. Bh6 Nc4 15.
Qc1 Bxh6 16. Qxh6 e5 17. hxg6 fxg6 18. Nf4 Na3+ 19. bxa3 bxa3+ 20. Nb3 exf4 21.
Rxd6 Qe7 22. Bc4+ Kh8 23. Rd4 Qe5 24. c3 Be6 25. Bxe6 Qxe6 26. Kc2 Rf7 27. Qxf4
Rc8 28. Qd6 Qxd6 29. Rxd6 Nh5 30. Rhd1 Nf4 31. Rd8+ Rxd8 32. Rxd8+ Kg7 33. Rd2
Kh6 34. c4 Kg5 35. c5 Kh4 36. Nd4 Rc7 37. c6 Ne6 38. Nxe6 Rxc6+ 39. Kb3 Rxe6 40.
Kxa3 Kg3 41. Kb4 g5 42. Kc5 g4 43. Rd6 Rxd6 44. Kxd6 gxf3 45. gxf3 h5 46. e5 h4
47. e6 h3 48. e7 h2 49. e8=Q h1=Q 50. Qg8+ Kf2 51. f4 Qe4 52. Qf7 Kf3 53. f5 Kf4
54. f6 Qb4+ 55. Kc7 Qb6+ 56. Kc8 Kf5 57. Qe7 Qxf6 58. Qd7+ Qe6 59. a4 a5 60. Kc7
Qxd7+ 61. Kxd7 1/2-1/2

[Event "22nd TCh-SLO 2012"]
[Site "Slovenia SLO"]
[Date "2012.11.24"]
[Round "2"]
[White "Brumen,D"]
[Black "Pavasovic,D"]
[Result "0-1"]
[WhiteTitle "IM"]
[BlackTitle "GM"]
[WhiteElo "2357"]
[BlackElo "2555"]
[WhiteTeam "SK Triglav Krsko"]
[BlackTeam "SD Tehcenter Ptuj"]
[WhiteFideId "14501490"]
[BlackFideId "14600986"]
[EventDate "2012.11.23"]

1. d4 d5 2. c4 e6 3. Nc3 c6 4. cxd5 exd5 5. Nf3 Nf6 6. Bg5 h6 7. Bh4 Bf5 8. e3
Nbd7 9. Bd3 Bxd3 10. Qxd3 Bd6 11. O-O O-O 12. Rab1 Qe7 13. Rfe1 g5 14. Bg3 Bxg3
15. hxg3 Ne4 16. b4 b5 17. Rec1 Nd6 18. Ne2 Nc4 19. Nd2 a5 20. a3 axb4 21. axb4
Ra3 22. Rc3 Ra2 23. Nf3 Rfa8 24. Nc1 R2a4 25. Rcb3 Nf6 26. Nd2 Qe6 27. f3 Re8
28. Nf1 Nh5 29. g4 Ng7 30. Ne2 f5 31. gxf5 Qxf5 32. Qxf5 Nxf5 33. e4 dxe4 34.
fxe4 Ra7 35. e5 Rd7 36. Rf3 Rxd4 0-1

[Event "22nd TCh-SLO 2012"]
[Site "Slovenia SLO"]
[Date "2012.11.24"]
[Round "2"]
[White "Borisek,J"]
[Black "Stajner,S"]
[Result "0-1"]
[WhiteTitle "GM"]
[BlackTitle "FM"]
[WhiteElo "2560"]
[BlackElo "2261"]
[WhiteTeam "SD Tehcenter Ptuj"]
[BlackTeam "SK Triglav Krsko"]
[WhiteFideId "14603152"]
[BlackFideId "14604078"]
[EventDate "2012.11.23"]

1. e4 e5 2. Bc4 Nf6 3. d3 Bc5 4. Nf3 Nc6 5. c3 d6 6. O-O Bg4 7. Nbd2 a6 8. Bb3
Qd7 9. Re1 h6 10. Nf1 g5 11. Ng3 O-O-O 12. h3 Be6 13. d4 Bxb3 14. axb3 exd4 15.
cxd4 Bb6 16. d5 Ne7 17. Be3 Bxe3 18. Rxe3 g4 19. hxg4 Nxg4 20. Rc3 Kb8 21. Nd4
h5 22. b4 h4 23. Ngf5 Nxf5 24. Nxf5 Rdg8 25. Raa3 Qe8 26. Qd4 Qb5 27. Rh3 Qe2
28. Ra1 Ne5 29. Kh1 Ng4 30. Kg1 Ne5 31. Kh1 Qg4 32. Rg1 Qxh3+ 0-1